| 000 | 00394pam a2200157a 44500 | ||
|---|---|---|---|
| 008 | 230515b1982 xxu||||| |||| 00| 0 eng d | ||
| 020 | _aNULL | ||
| 041 | _aENGLISH | ||
| 082 | _aLEE/NCC | ||
| 100 | _aLEE / NCC | ||
| 245 | _aINTRODUCING SYSTEMS ANALYSIS AND DESIGN VOL-II | ||
| 250 | _aNULL | ||
| 260 |
_aNULL _bGALGOTIA PUBLICATIONS PVT. LTD. _c1982 |
||
| 300 | _a566 PB | ||
| 650 | _aNULL | ||
| 999 |
_c619752 _d619752 |
||